[Event "Titled Tuesday intern op 23rd Apr Late"]
[Site "Chess.com INT"]
[Date "2024.04.23"]
[Round "1"]
[White "Veinberg, Nimrod"]
[Black "Petriashvili, Nikoloz"]
[Result "1-0"]
[WhiteElo "2410"]
[BlackElo "2475"]
[PlyCount "121"]
[EventDate "2024.04.23"]
[EventType "swiss (blitz)"]
[EventRounds "11"]
[EventCountry "USA"]
[SourceTitle "CB18_2024"]
[SourceDate "2024.05.01"]
[SourceVersion "1"]
[SourceVersionDate "2024.05.01"]
[SourceQuality "2"]

1. e4 e5 2. Nf3 Nc6 3. Bb5 Nf6 4. 0-0 Nxe4 5. Re1 Nd6 6. Ba4 Be7 7. d4 exd4 8. c3 d3 9. Qxd3 0-0 10. Bc2 g6 11. Bh6 Re8 12. Nbd2 Nf5 13. Bf4 d5 14. Nf1 Ng7 15. Ng3 Bg4 16. h3 Bxf3 17. Qxf3 Bd6 18. Bh6 Rxe1+ 19. Rxe1 Bf8 20. Bb3 Ne7 21. Bg5 Qd7 22. Bxe7 Bxe7 23. Bxd5 Bd6 24. Bxb7 Re8 25. Rd1 Qe7 26. Ne4 Nf5 27. Bc6 Rb8 28. Nxd6 Nxd6 29. b3 Kg7 30. c4 Rd8 31. g3 Nf5 32. Qc3+ Kg8 33. Rxd8+ Qxd8 34. Bd5 Qd6 35. Qf3 Kg7 36. g4 Nh6 37. Kg2 a5 38. Qc3+ Kf8 39. Qxa5 Ng8 40. Qa8+ Kg7 41. Qe8 Qf6 42. Qe3 h6 43. a4 Ne7 44. Bf3 g5 45. Be4 Qe5 46. b4 h5 47. a5 hxg4 48. hxg4 f6 49. a6 Nc8 50. Bb7 Qxe3 51. fxe3 Na7 52. Kf3 Kf7 53. Ke4 Ke6 54. Bd5+ Kd6 55. c5+ Ke7 56. Kf5 c6 57. Bxc6 Nxc6 58. b5 Nb4 59. a7 Nd5 60. a8Q Nxe3+ 61. Kg6 1-0

[Event "Baku op"]
[Site "Baku"]
[Date "2023.05.08"]
[Round "5"]
[White "Petriashvili, Nikoloz"]
[Black "Sanal, Vahap"]
[Result "1/2-1/2"]
[WhiteElo "2432"]
[BlackElo "2582"]
[PlyCount "145"]
[EventDate "2023.05.04"]
[EventType "swiss"]
[EventRounds "9"]
[EventCountry "AZE"]
[SourceTitle "CBM 214 Extra"]
[Source "ChessBase"]
[SourceDate "2023.07.31"]
[SourceVersion "1"]
[SourceVersionDate "2023.07.31"]
[SourceQuality "1"]

1. e4 e5 2. Nf3 Nc6 3. Bb5 Nf6 4. Bxc6 dxc6 5. d3 Bd6 6. Nbd2 Be6 7. Qe2 Nd7 8. Nc4 Bxc4 9. dxc4 Qe7 10. 0-0 Nf8 11. Ne1 Ne6 12. Nd3 h5 13. c3 c5 14. a3 h4 15. h3 g5 16. Qg4 Nf4 17. Ne1 Qe6 18. Qxe6+ Nxe6 19. Nc2 c6 20. Ne3 f6 21. Nf5 Bc7 22. Rd1 Rh7 23. Be3 a5 24. Kh2 a4 25. g3 hxg3+ 26. fxg3 b6 27. Kg2 Ng7 28. Rf1 Kf7 29. Nxg7 Kxg7 30. Rad1 Kg6 31. Bf2 Rah8 32. h4 f5 33. exf5+ Kf6 34. g4 e4 35. Rde1 Re8 36. Rh1 Rd7 37. Be3 Bf4 38. h5 Ke5 39. h6 Bxe3 40. Rxe3 Kf4 41. Re2 Kxg4 42. f6 Kf5 43. h7 Rh8 44. Rf1+ Kg6 45. Rxe4 Rdxh7 46. f7 Rxf7 47. Re6+ Kg7 48. Rxf7+ Kxf7 49. Rxc6 Rb8 50. Kf3 Ke7 51. Ke4 Rg8 52. Kf3 Rf8+ 53. Kg3 Rf6 54. Rc7+ Kd6 55. Ra7 Rf1 56. Rxa4 Rb1 57. b4 Rc1 58. b5 Kc7 59. Kg4 Rg1+ 60. Kf5 Kb7 61. Ra6 Rg3 62. Ra4 Rg1 63. Kg6 Rg2 64. Kf5 Rg3 65. Kg6 Rg2 66. Kf5 g4 67. Kf4 Rg1 68. Kg5 g3 69. Kg4 Rg2 70. Kf3 Rg1 71. Kg4 Rg2 72. Kf3 Rg1 73. Kg4 1/2-1/2

[Event "Baku op"]
[Site "Baku"]
[Date "2023.05.05"]
[Round "2"]
[White "Kairbekova, Amina"]
[Black "Petriashvili, Nikoloz"]
[Result "0-1"]
[WhiteElo "2157"]
[BlackElo "2432"]
[PlyCount "60"]
[EventDate "2023.05.04"]
[EventType "swiss"]
[EventRounds "9"]
[EventCountry "AZE"]
[SourceTitle "CBM 214 Extra"]
[Source "ChessBase"]
[SourceDate "2023.07.31"]
[SourceVersion "1"]
[SourceVersionDate "2023.07.31"]
[SourceQuality "1"]

1. d4 Nf6 2. c4 e6 3. Nc3 Bb4 4. e3 0-0 5. Bd2 d5 6. Nf3 a6 7. Rc1 b6 8. Bd3 Bb7 9. cxd5 exd5 10. 0-0 Nbd7 11. Ne5 Bd6 12. f4 c5 13. g4 Ne4 14. Be1 cxd4 15. exd4 b5 16. Qe2 Ndf6 17. g5 Nxc3 18. Rxc3 Ne4 19. Bxe4 dxe4 20. Bf2 f6 21. gxf6 Qxf6 22. Be1 Rac8 23. Rg3 Qe6 24. a3 Rf5 25. Qg4 Rc7 26. Bc3 Bd5 27. Rf2 e3 28. Rxe3 Rxe5 29. f5 Re4 30. Rxe4 Qxe4 0-1

[Event "GEO-ch 82nd"]
[Site "Tbilisi"]
[Date "2023.01.08"]
[Round "4"]
[White "Petriashvili, Nikoloz"]
[Black "Quparadze, Giga"]
[Result "0-1"]
[WhiteElo "2441"]
[BlackElo "2461"]
[PlyCount "116"]
[EventDate "2023.01.04"]
[EventType "tourn"]
[EventRounds "9"]
[EventCountry "GEO"]
[EventCategory "10"]
[SourceTitle "CBM 212 Extra"]
[Source "ChessBase"]
[SourceDate "2023.03.31"]
[SourceVersion "1"]
[SourceVersionDate "2023.03.31"]
[SourceQuality "1"]

1. e4 c5 2. Nf3 e6 3. d4 cxd4 4. Nxd4 a6 5. Bd3 Ne7 6. Be3 d5 7. 0-0 e5 8. Nf3 dxe4 9. Bxe4 Qxd1 10. Rxd1 f5 11. Bd5 e4 12. Ne5 Nxd5 13. Rxd5 Be6 14. Rd1 Nd7 15. Nxd7 Bxd7 16. Nc3 Be6 17. Nd5 Rc8 18. c3 Bc5 19. h4 Kf7 20. Nf4 Be7 21. g3 Rhd8 22. Bd4 g6 23. b3 b5 24. Nxe6 Kxe6 25. a4 b4 26. c4 Rc6 27. Be3 Rcd6 28. Rxd6+ Rxd6 29. Kf1 Rd3 30. Rb1 Kd7 31. Ke2 Kc6 32. Rb2 Bc5 33. Rb1 Bxe3 34. fxe3 Rc3 35. Kd2 Kd6 36. Rb2 h6 37. Ke2 Kc5 38. Kd2 g5 39. hxg5 hxg5 40. a5 Kd6 41. Ke2 Ke6 42. Kd2 Ke5 43. Rb1 f4 44. gxf4+ gxf4 45. exf4+ Kxf4 46. Rf1+ Ke5 47. Rf8 Rxb3 48. Ra8 Kd4 49. Rxa6 e3+ 50. Ke2 Rb2+ 51. Ke1 b3 52. Rd6+ Kxc4 53. a6 Ra2 54. Rb6 Kc3 55. Rc6+ Kd3 56. Rd6+ Kc2 57. Rb6 b2 58. Rc6+ Kb1 0-1

[Event "Wch U20 59th"]
[Site "Cala Gonone"]
[Date "2022.10.13"]
[Round "3"]
[White "Budisavljevic, Luka"]
[Black "Petriashvili, Nikoloz"]
[Result "0-1"]
[WhiteElo "2524"]
[BlackElo "2428"]
[PlyCount "132"]
[EventDate "2022.10.12"]
[EventType "swiss"]
[EventRounds "11"]
[EventCountry "ITA"]
[SourceTitle "CBM 210 Extra"]
[Source "ChessBase"]
[SourceDate "2022.11.30"]
[SourceVersion "1"]
[SourceVersionDate "2022.11.30"]
[SourceQuality "1"]

1. Nf3 Nf6 2. c4 g6 3. Nc3 d6 4. e4 c5 5. d4 cxd4 6. Nxd4 Nc6 7. Be2 Bg7 8. Be3 0-0 9. h3 Bd7 10. 0-0 Rc8 11. Rc1 a6 12. Nf3 Qa5 13. c5 Qb4 14. cxd6 exd6 15. Nd2 Be6 16. Rb1 d5 17. a3 Qe7 18. exd5 Nxd5 19. Nxd5 Bxd5 20. Bg4 Rcd8 21. Bb6 h5 22. Re1 Qf6 23. Bxd8 Rxd8 24. Bxh5 Ba2 25. Rc1 gxh5 26. Ne4 Qg6 27. Qf3 Bd5 28. Rcd1 Nd4 29. Qd3 f5 30. Qg3 Qxg3 31. Nxg3 h4 32. Nh5 Bh8 33. Nf4 Bc6 34. Kh1 Kf7 35. Rd3 Be4 36. Rd2 Be5 37. Nd3 Bf6 38. Nc5 Bc6 39. Red1 Rg8 40. f3 Nxf3 41. Rd7+ Ke8 42. Rc7 Nd4 43. Rc8+ Kf7 44. Rxg8 Kxg8 45. b4 Kf7 46. a4 Kg6 47. Re1 f4 48. Rb1 Ne2 49. b5 axb5 50. axb5 Bd5 51. Rd1 f3 52. Rxd5 f2 53. Rd1 Ng3+ 54. Kh2 f1Q 55. Rxf1 Nxf1+ 56. Kh1 b6 57. Nd7 Ng3+ 58. Kh2 Bd4 59. Nb8 Kf5 60. Nc6 Ke4 61. Ne7 Bc5 62. Ng6 Nf5 63. Kh1 Bd6 64. Nh8 Kd5 65. Nf7 Bg3 66. Kg1 Ne3 0-1

[Event "TUR-chT"]
[Site "Ankara"]
[Date "2022.08.24"]
[Round "9.3"]
[White "Petriashvili, Nikoloz"]
[Black "Celik, Hasan Huseyin"]
[Result "1/2-1/2"]
[WhiteElo "2401"]
[BlackElo "2376"]
[PlyCount "84"]
[EventDate "2022.08.16"]
[EventType "team-tourn"]
[EventRounds "13"]
[EventCountry "TUR"]
[SourceTitle "CBM 209 Extra"]
[Source "ChessBase"]
[SourceDate "2022.09.30"]
[SourceVersion "1"]
[SourceVersionDate "2022.09.30"]
[SourceQuality "1"]
[WhiteTeam "Tarsus Zeka"]
[BlackTeam "Burhaniye"]
[WhiteTeamCountry "TUR"]
[BlackTeamCountry "TUN"]

1. c4 c6 2. Nf3 d5 3. d4 Nf6 4. Nc3 dxc4 5. a4 Bf5 6. e3 e6 7. Bxc4 Bb4 8. 0-0 Nbd7 9. Qe2 Bg6 10. Bd2 0-0 11. Na2 Bd6 12. Rfd1 Qe7 13. Bc3 Rad8 14. h3 Rfe8 15. a5 a6 16. Nc1 e5 17. Nh4 exd4 18. Nxg6 hxg6 19. Bxd4 Be5 20. Qc2 Bxd4 21. exd4 Nf8 22. Nb3 Nd5 23. Nc5 Qc7 24. Qb3 Re7 25. Re1 Rxe1+ 26. Rxe1 Qxa5 27. Re5 b5 28. Bxd5 Rxd5 29. Rxd5 cxd5 30. g3 Qd8 31. Nxa6 Ne6 32. Qxb5 Nxd4 33. Qb8 Qxb8 34. Nxb8 Kf8 35. Nd7+ Ke7 36. Ne5 Ke6 37. Nd3 Nb3 38. Kf1 d4 39. Ke2 Kd5 40. h4 Na5 41. Nf4+ Kc4 42. Nd3 Kd5 1/2-1/2